000 00435nam a22001697a 4500
005 20241021110608.0
008 160521b xxu||||| |||| 00| 0 eng d
020 _a81-7660-111-X
041 _aeng
082 _b3821
_a519.5
100 _aDr. Priyotosh Khan
_9972
245 _aStatistics for management, Economics and Computer
260 _aPune
_bEverest Publishing house
300 _a21.39
650 _aManagement
942 _cBK
999 _c1324
_d1324